[Event "Heusenstamm Sparkassen op U14 3rd"]
[Site "Heusenstamm"]
[Date "2016.11.27"]
[Round "4"]
[White "Kail, Oliver"]
[Black "Karl, Simon"]
[Result "0-1"]
[WhiteElo "1017"]
[BlackElo "1498"]
[PlyCount "98"]
[EventDate "2016.11.27"]
[EventType "swiss"]
[EventRounds "5"]
[EventCountry "GER"]
[SourceTitle "EXT 2018"]
[Source "ChessBase"]
[SourceDate "2017.10.13"]
[SourceVersion "1"]
[SourceVersionDate "2017.10.13"]
[SourceQuality "1"]

1. e4 e6 2. Nf3 d5 3. exd5 exd5 4. d4 Bg4 5. c3 Nf6 6. h3 Bh5 7. Be2 Bd6 8. Ne5 Bxe2 9. Qxe2 0-0 10. 0-0 Re8 11. Re1 Nfd7 12. f4 f6 13. Na3 fxe5 14. dxe5 Bc5+ 15. Be3 Qh4 16. Bxc5 Nxc5 17. Qf3 Ne4 18. Nc4 c6 19. Re3 Nd7 20. Rd1 Rf8 21. Rf1 b5 22. Rxe4 dxe4 23. Qxe4 bxc4 24. Qxc4+ Kh8 25. Qxc6 Nb6 26. e6 Rac8 27. Qe4 Rce8 28. Kh2 Qf6 29. Re1 Qxf4+ 30. Qxf4 Rxf4 31. Kg3 Rf6 32. h4 Rfxe6 33. Rd1 Re2 34. b4 Rxa2 35. Rd3 Rae2 36. Kh2 R2e3 37. Rd4 Rxc3 38. Rf4 Rc4 39. Rf7 Ra8 40. b5 Rxh4+ 41. Kg3 Rh5 42. Kf4 Rxb5 43. Ke4 Rc5 44. Rb7 Nc8 45. Rd7 Nb6 46. Rb7 Na4 47. Rb4 Rac8 48. Rb7 a5 49. Rd7 Nc3+ 0-1

[Event "Heusenstamm Sparkassen op U14 3rd"]
[Site "Heusenstamm"]
[Date "2016.11.27"]
[Round "2"]
[White "Porstendoerfer, Eric"]
[Black "Karl, Simon"]
[Result "0-1"]
[WhiteElo "1145"]
[BlackElo "1498"]
[PlyCount "46"]
[EventDate "2016.11.27"]
[EventType "swiss"]
[EventRounds "5"]
[EventCountry "GER"]
[SourceTitle "EXT 2018"]
[Source "ChessBase"]
[SourceDate "2017.10.13"]
[SourceVersion "1"]
[SourceVersionDate "2017.10.13"]
[SourceQuality "1"]

1. e4 e6 2. d4 d5 3. e5 c5 4. Nf3 Qb6 5. Nc3 Nc6 6. Bb5 Bd7 7. Be3 a6 8. Be2 Qxb2 9. Qd2 Qxa1+ 10. Bd1 cxd4 11. Bxd4 Nxd4 12. Qxd4 Qb2 13. 0-0 Qb4 14. Qd2 Bc5 15. Qg5 g6 16. Ne1 Qxc3 17. Bh5 Bb5 18. Nd3 Bxd3 19. cxd3 Bd4 20. Bg4 Rc8 21. g3 Bxe5 22. Qe3 Nf6 23. Bh3 0-0 0-1

[Event "GER-ch U12"]
[Site "Willingen"]
[Date "2016.05.18"]
[Round "6"]
[White "Karl, Simon"]
[Black "Marzisch, Darius"]
[Result "1/2-1/2"]
[WhiteElo "1274"]
[BlackElo "1499"]
[PlyCount "40"]
[EventDate "2016.05.15"]
[EventType "swiss"]
[EventRounds "11"]
[EventCountry "GER"]
[SourceTitle "CBM 172 Extra"]
[Source "ChessBase"]
[SourceDate "2016.06.21"]
[SourceVersion "1"]
[SourceVersionDate "2016.06.21"]
[SourceQuality "1"]

1. d4 Nf6 2. c4 g6 3. Nc3 Bg7 4. Nf3 d6 5. g3 0-0 6. Bg2 c6 7. 0-0 Nbd7 8. e4 e5 9. Re1 Re8 10. h3 exd4 11. Nxd4 Ne5 12. b3 Ned7 13. Be3 Nc5 14. Qc2 Ne6 15. Kh2 Nxd4 16. Bxd4 Be6 17. f4 Re7 18. Rad1 Qc7 19. Rd2 a6 20. Qb2 Ne8 1/2-1/2

[Event "GER-ch U12"]
[Site "Willingen"]
[Date "2016.05.15"]
[Round "2"]
[White "Gallasch, Jonas"]
[Black "Karl, Simon"]
[Result "1-0"]
[WhiteElo "1564"]
[BlackElo "1274"]
[PlyCount "65"]
[EventDate "2016.05.15"]
[EventType "swiss"]
[EventRounds "11"]
[EventCountry "GER"]
[SourceTitle "CBM 172 Extra"]
[Source "ChessBase"]
[SourceDate "2016.06.21"]
[SourceVersion "1"]
[SourceVersionDate "2016.06.21"]
[SourceQuality "1"]

1. Nf3 Nf6 2. c4 g6 3. d4 Bg7 4. g3 d6 5. Bg2 Nbd7 6. Qc2 0-0 7. 0-0 e5 8. e4 Re8 9. Rd1 Qe7 10. Nc3 Nb6 11. Bg5 Bg4 12. h3 Bxf3 13. Bxf3 Qe6 14. c5 exd4 15. Nb5 Qd7 16. c6 bxc6 17. Bxf6 cxb5 18. Bg4 Re6 19. Bxg7 Kxg7 20. Rxd4 c5 21. Rd3 Rae8 22. Bxe6 Qxe6 23. Re1 d5 24. Qxc5 dxe4 25. Qd4+ Kg8 26. Rde3 f5 27. f3 Nc4 28. R3e2 e3 29. b3 f4 30. bxc4 Qxh3 31. Qxf4 h5 32. Rxe3 Rf8 33. Qh4 1-0

[Event "Hessen-ch U12"]
[Site "Bad Homburg"]
[Date "2015.04.03"]
[Round "9"]
[White "Echtermeyer, Luis"]
[Black "Karl, Simon"]
[Result "0-1"]
[WhiteElo "973"]
[BlackElo "1195"]
[PlyCount "124"]
[EventDate "2015.03.30"]
[EventType "swiss"]
[EventRounds "9"]
[EventCountry "GER"]
[SourceTitle "EXT 2017"]
[Source "ChessBase"]
[SourceDate "2016.10.25"]
[SourceVersion "1"]
[SourceVersionDate "2016.10.25"]
[SourceQuality "1"]

1. e4 e6 2. Nf3 d5 3. Nc3 c5 4. d4 Nf6 5. Bg5 Be7 6. e5 Nfd7 7. Bxe7 Qxe7 8. Bb5 Nc6 9. Bxc6 bxc6 10. 0-0 cxd4 11. Qxd4 c5 12. Qg4 0-0 13. Rfe1 Ba6 14. Ne2 Rfb8 15. b3 c4 16. Nf4 cxb3 17. axb3 Bb5 18. Qh4 Qxh4 19. Nxh4 a6 20. Nf3 Rc8 21. Nd4 Bc6 22. Nxc6 Rxc6 23. Ne2 Rxc2 24. Nd4 Rc3 25. h3 h6 26. f4 a5 27. Nb5 Rc5 28. Nd6 Rc6 29. Kh2 Rca6 30. Nb5 Rb6 31. Nd4 Rb4 32. Red1 a4 33. bxa4 Raxa4 34. Rxa4 Rxa4 35. Ne2 Re4 36. Rd2 f6 37. exf6 Nxf6 38. g3 Re3 39. Nd4 Ne4 40. Rg2 Kf7 41. h4 Rd3 42. Nc6 Rd2 43. Rxd2 Nxd2 44. Ne5+ Ke7 45. Kg2 Kd6 46. Kf2 Ne4+ 47. Kf3 Kc5 48. g4 Kd4 49. Nc6+ Kc3 50. Ke3 Nd6 51. h5 Nc4+ 52. Kf3 d4 53. Nxd4 Kxd4 54. g5 hxg5 55. fxg5 Ne5+ 56. Kf4 Nf7 57. g6 Nh6 58. Kf3 e5 59. Kf2 Kd3 60. Ke1 Ke3 61. Kf1 Kd2 62. Kf2 e4 0-1

[Event "Hessen-ch U12"]
[Site "Bad Homburg"]
[Date "2015.04.02"]
[Round "6"]
[White "Karl, Simon"]
[Black "Schwarz, Daniel"]
[Result "1/2-1/2"]
[WhiteElo "1195"]
[BlackElo "1478"]
[PlyCount "37"]
[EventDate "2015.03.30"]
[EventType "swiss"]
[EventRounds "9"]
[EventCountry "GER"]
[SourceTitle "EXT 2017"]
[Source "ChessBase"]
[SourceDate "2016.10.25"]
[SourceVersion "1"]
[SourceVersionDate "2016.10.25"]
[SourceQuality "1"]

1. d4 Nf6 2. c4 e6 3. Nc3 Bb4 4. Bd2 b6 5. e3 Bb7 6. Nf3 d5 7. Be2 dxc4 8. Bxc4 Nbd7 9. 0-0 0-0 10. a3 Be7 11. Qe2 c5 12. dxc5 Nxc5 13. Rad1 a6 14. b4 Nce4 15. Bd3 Nxd2 16. Rxd2 Qc7 17. Rc2 Qb8 18. Rfc1 Ng4 19. Be4 1/2-1/2

[Event "Hessen-ch U12"]
[Site "Bad Homburg"]
[Date "2015.03.30"]
[Round "2"]
[White "Karl, Simon"]
[Black "Lesny, Florian"]
[Result "0-1"]
[WhiteElo "1195"]
[BlackElo "1597"]
[PlyCount "90"]
[EventDate "2015.03.30"]
[EventType "swiss"]
[EventRounds "9"]
[EventCountry "GER"]
[SourceTitle "EXT 2017"]
[Source "ChessBase"]
[SourceDate "2016.10.25"]
[SourceVersion "1"]
[SourceVersionDate "2016.10.25"]
[SourceQuality "1"]

1. d4 d5 2. c4 c6 3. e3 Nf6 4. Nc3 e6 5. Nf3 Nbd7 6. Bd2 Be7 7. Bd3 dxc4 8. Bxc4 b5 9. Bd3 a6 10. a3 c5 11. Be4 Nxe4 12. Nxe4 Bb7 13. Nc3 Bf6 14. 0-0 0-0 15. Qe2 Qe7 16. Rad1 Rfd8 17. Bc1 Nb6 18. dxc5 Qxc5 19. Bd2 Nc4 20. b4 Qc6 21. Na2 Nxa3 22. Rc1 Nc4 23. Bc3 Bxc3 24. Nxc3 Nd2 25. Rfd1 Nxf3+ 26. Qxf3 Qxf3 27. gxf3 Bxf3 28. Re1 Bb7 29. Ne2 Rac8 30. Nd4 h6 31. h3 Rxc1 32. Rxc1 Rc8 33. Ra1 Rc4 34. Rb1 h5 35. h4 g6 36. Kh2 e5 37. Ne2 Rxh4+ 38. Kg3 Rg4+ 39. Kh2 Rg2+ 40. Kh3 Rxf2 41. Ng3 f6 42. Rd1 Bc8+ 43. Nf5 Bxf5+ 44. Kg3 Rb2 45. Rd8+ Kg7 0-1

[Event "Hessen-ch U12"]
[Site "Bad Homburg"]
[Date "2014.??.??"]
[Round "3"]
[White "Buermann, Theresia"]
[Black "Karl, Simon"]
[Result "0-1"]
[WhiteElo "1158"]
[BlackElo "983"]
[PlyCount "136"]
[EventDate "2014.04.??"]
[EventType "swiss"]
[EventRounds "9"]
[EventCountry "GER"]
[SourceTitle "EXT 2022"]
[Source "ChessBase"]
[SourceDate "2021.10.06"]
[SourceVersion "1"]
[SourceVersionDate "2021.10.06"]
[SourceQuality "1"]

1. e4 e6 2. d4 d5 3. e5 c5 4. c3 Nc6 5. Nf3 Qb6 6. b3 Nge7 7. Be3 Nf5 8. Qd2 cxd4 9. Nxd4 Nfxd4 10. Bxd4 Nxd4 11. cxd4 Bb4 12. Nc3 Qa5 13. Rc1 Bd7 14. Qb2 Rc8 15. Kd2 Ba3 16. Qb1 Bxc1+ 17. Qxc1 0-0 18. Bd3 b5 19. a3 Rc7 20. b4 Qb6 21. Qb1 Qxd4 22. Ne2 Qxf2 23. Bxh7+ Kh8 24. Bd3 Qxg2 25. h4 Rfc8 26. Rg1 Qh2 27. Rf1 Be8 28. Qa1 Qh3 29. Nf4 Qh2+ 30. Ne2 Kg8 31. Rh1 Qf2 32. Qb1 f5 33. exf6 Qxf6 34. Bh7+ Kh8 35. Bd3 Qh6+ 36. Kd1 Bh5 37. Ke1 Bxe2 38. Kxe2 Rc1 39. Rxc1 Qxc1 40. Qxc1 Rxc1 41. Bxb5 Ra1 42. Bd7 Rxa3 43. Bxe6 d4 44. Bd7 Kh7 45. Kd2 Kh6 46. Be8 g5 47. hxg5+ Kxg5 48. b5 Kf4 49. Bc6 Ke5 50. Kc2 Kd6 51. Be4 Kc5 52. Bc6 Kb4 53. Kd2 Kc4 54. Be8 Ra2+ 55. Ke1 Kd3 56. Bg6+ Ke3 57. Kd1 d3 58. Kc1 d2+ 59. Kb1 d1Q+ 60. Kxa2 Qa4+ 61. Kb1 Qxb5+ 62. Ka2 Qa6+ 63. Kb3 Qxg6 64. Ka4 Qb1 65. Ka5 Kd4 66. Ka6 Kc5 67. Kxa7 Kc6 68. Ka8 Qb7# 0-1

[Event "Hessen-ch U10"]
[Site "Bad Homburg"]
[Date "2014.??.??"]
[Round "3"]
[White "Gelfenbaum, Daniel"]
[Black "Karl, Simon"]
[Result "1/2-1/2"]
[WhiteElo "1708"]
[BlackElo "983"]
[PlyCount "31"]
[EventDate "2014.04.??"]
[EventType "swiss"]
[EventRounds "7"]
[EventCountry "GER"]
[SourceTitle "EXT 2022"]
[Source "ChessBase"]
[SourceDate "2021.10.06"]
[SourceVersion "1"]
[SourceVersionDate "2021.10.06"]
[SourceQuality "1"]

1. e4 e6 2. d4 d5 3. Nc3 Nc6 4. Nf3 Nf6 5. e5 Nd7 6. Bd3 h6 7. 0-0 Bb4 8. h3 0-0 9. Bf4 Nb6 10. a3 Bxc3 11. bxc3 Bd7 12. Qe2 Na5 13. Nd2 Qe8 14. Be3 Ba4 15. Ra2 Qc6 16. Qh5 1/2-1/2

[Event "Hessen-ch U12"]
[Site "Bad Homburg"]
[Date "2014.??.??"]
[Round "1"]
[White "Gelfenbaum, Daniel"]
[Black "Karl, Simon"]
[Result "1/2-1/2"]
[WhiteElo "1708"]
[BlackElo "983"]
[PlyCount "40"]
[EventDate "2014.04.??"]
[EventType "swiss"]
[EventRounds "9"]
[EventCountry "GER"]
[SourceTitle "EXT 2022"]
[Source "ChessBase"]
[SourceDate "2021.10.06"]
[SourceVersion "1"]
[SourceVersionDate "2021.10.06"]
[SourceQuality "1"]

1. e4 e6 2. d4 d5 3. Nc3 Nf6 4. e5 Nfd7 5. Nf3 c5 6. Bf4 Nc6 7. Bb5 Qb6 8. Be3 Nxd4 9. Nxd4 cxd4 10. Qxd4 Qxd4 11. Bxd4 Bb4 12. a3 Bxc3+ 13. Bxc3 0-0 14. Bb4 Rd8 15. Be7 Re8 16. Bd6 a6 17. Bd3 f6 18. f4 Nb6 19. b3 Bd7 20. Kf2 Rec8 1/2-1/2

[Event "Hessen-ch U10"]
[Site "Bad Homburg"]
[Date "2014.??.??"]
[Round "2"]
[White "Karl, Simon"]
[Black "Kirchner, Markus"]
[Result "1/2-1/2"]
[WhiteElo "983"]
[BlackElo "1347"]
[PlyCount "86"]
[EventDate "2014.04.??"]
[EventType "swiss"]
[EventRounds "7"]
[EventCountry "GER"]
[SourceTitle "EXT 2022"]
[Source "ChessBase"]
[SourceDate "2021.10.06"]
[SourceVersion "1"]
[SourceVersionDate "2021.10.06"]
[SourceQuality "1"]

1. d4 e6 2. c4 d5 3. e3 c5 4. Nc3 Nf6 5. Nf3 Nc6 6. Qa4 Bd7 7. Qb3 Na5 8. Qc2 dxc4 9. Ne5 b5 10. a3 Nb3 11. Rb1 cxd4 12. exd4 Nxd4 13. Qd1 Bc5 14. Be3 Nb3 15. Bxc5 Nxc5 16. Nxd7 Qxd7 17. Qxd7+ Nfxd7 18. Nxb5 0-0 19. Bxc4 Ne5 20. Be2 Ncd3+ 21. Bxd3 Nxd3+ 22. Ke2 Nf4+ 23. Kf3 Nd5 24. Rhd1 a6 25. Nc3 Nxc3 26. bxc3 f5 27. c4 Rac8 28. Rbc1 Rc6 29. c5 Rfc8 30. Ke2 Kf7 31. Rd7+ Kf6 32. f4 Rxc5 33. Rxc5 Rxc5 34. Rd6 Ra5 35. Rd3 h6 36. Ke3 g5 37. g3 gxf4+ 38. gxf4 Ra4 39. Kf3 Ra5 40. h4 Rd5 41. Rc3 Rd1 42. Kg2 Ra1 43. h5 Ra2+ 1/2-1/2

[Event "Hessen-ch U10"]
[Site "Bad Homburg"]
[Date "2014.??.??"]
[Round "6"]
[White "Karl, Simon"]
[Black "Wolf, Jakob"]
[Result "1-0"]
[WhiteElo "983"]
[BlackElo "915"]
[PlyCount "77"]
[EventDate "2014.04.??"]
[EventType "swiss"]
[EventRounds "7"]
[EventCountry "GER"]
[SourceTitle "EXT 2022"]
[Source "ChessBase"]
[SourceDate "2021.10.06"]
[SourceVersion "1"]
[SourceVersionDate "2021.10.06"]
[SourceQuality "1"]

1. d4 Nf6 2. c4 c6 3. Nc3 d5 4. Bg5 Bf5 5. e3 Nbd7 6. Nf3 e6 7. Qb3 Qc7 8. Be2 Be7 9. 0-0 Bd6 10. g3 h6 11. Bxf6 Nxf6 12. c5 Be7 13. Ne5 h5 14. a4 h4 15. Qa3 Nd7 16. Nxd7 Kxd7 17. b4 hxg3 18. fxg3 Bh4 19. Rf3 Bg4 20. Rf4 Bh3 21. gxh4 f6 22. Bg4 Rxh4 23. Bxe6+ Kxe6 24. Rxh4 Qf7 25. Rxh3 Qg6+ 26. Rg3 Qxg3+ 27. hxg3 Rh8 28. b5 b6 29. bxc6 Rh1+ 30. Kxh1 bxc5 31. dxc5 d4 32. exd4 g5 33. Re1+ Kf7 34. c7 f5 35. c8Q f4 36. Qe6+ Kg7 37. gxf4 gxf4 38. Rg1+ Kh7 39. Qh3# 1-0

[Event "GER-chT U10"]
[Site "Magdeburg"]
[Date "2013.12.28"]
[Round "5.3"]
[White "Karl, Simon"]
[Black "Tiller, Moritz"]
[Result "1-0"]
[WhiteElo "899"]
[BlackElo "1039"]
[PlyCount "81"]
[EventDate "2013.12.27"]
[EventType "team-swiss"]
[EventRounds "5"]
[EventCountry "GER"]
[SourceTitle "EXT 2015"]
[Source "ChessBase"]
[SourceDate "2014.11.20"]
[SourceVersion "1"]
[SourceVersionDate "2014.11.20"]
[SourceQuality "1"]
[WhiteTeam "Langen"]
[BlackTeam "Ende"]
[WhiteTeamCountry "GER"]
[BlackTeamCountry "GER"]

1. d4 d5 2. c4 e6 3. Bf4 Nc6 4. e3 Bb4+ 5. Nd2 Nf6 6. a3 Bxd2+ 7. Qxd2 Ne4 8. Qc2 0-0 9. Nf3 b6 10. Bd3 Ba6 11. Bxe4 dxe4 12. Qxe4 Bxc4 13. Ng5 f5 14. Qf3 Bd5 15. Qh5 h6 16. Nf3 Bxf3 17. Qxf3 Na5 18. 0-0 Nc4 19. Qe2 b5 20. b3 Nd6 21. Bxd6 cxd6 22. Qxb5 Rb8 23. Qc4 Re8 24. b4 a5 25. Rfb1 axb4 26. axb4 Qg5 27. Qc6 Red8 28. b5 h5 29. b6 h4 30. Ra7 h3 31. g3 Rdc8 32. Qf3 e5 33. Qd5+ Kh7 34. dxe5 dxe5 35. Qxe5 Qf6 36. Qa5 Qc6 37. Kf1 Qg2+ 38. Ke2 Qxh2 39. Qxf5+ Kh8 40. Qg5 Rf8 41. Qxg7# 1-0

[Event "Hessen-ch U10"]
[Site "Bad Homburg"]
[Date "2013.??.??"]
[Round "4"]
[White "Enke, Benedikt"]
[Black "Karl, Simon"]
[Result "0-1"]
[WhiteElo "717"]
[BlackElo "902"]
[PlyCount "46"]
[EventDate "2013.03.??"]
[EventType "swiss"]
[EventRounds "9"]
[EventCountry "GER"]
[SourceTitle "EXT 2014"]
[Source "ChessBase"]
[SourceDate "2013.11.20"]
[SourceVersion "1"]
[SourceVersionDate "2013.11.20"]
[SourceQuality "1"]

1. e4 e5 2. Nf3 Nc6 3. Nc3 Nf6 4. Bc4 Bb4 5. Ng5 0-0 6. 0-0 Bxc3 7. dxc3 a6 8. Bd3 h6 9. Nf3 d5 10. exd5 Qxd5 11. Be2 Qe4 12. Nd2 Qg6 13. Bd3 e4 14. Be2 Bh3 15. Bg4 Bxg4 16. Qxg4 Qxg4 17. c4 Ne5 18. c5 Nf3+ 19. Kh1 Nxd2 20. Bxd2 Rad8 21. Rab1 Rxd2 22. Kg1 e3 23. fxe3 Qxg2# 0-1